Communication for development: (Record no. 100109)
[ view plain ]
| 000 -LEADER | |
|---|---|
| fixed length control field | 01121nam a22002537a 4500 |
| 005 - DATE AND TIME OF LATEST TRANSACTION | |
| control field | 20230705124543.0 |
| 010 ## - LCCN (DPL NO) | |
| LC control number | 1718EN-30 ENG-115192 B-687212-216 ENG-137269 |
| 020 ## - INTERNATIONAL STANDARD BOOK NUMBER | |
| International Standard Book Number | 9789351502579 |
| Terms of availability | 750.00 |
| 035 ## - SYSTEM CONTROL NUMBER | |
| System control number | EN-98724 EN-120801 |
| 035 ## - SYSTEM CONTROL NUMBER | |
| System control number | B-687212-216 |
| 037 ## - SOURCE OF ACQUISITION | |
| Source of stock number/acquisition | DBAD/PUB |
| 082 00 - DEWEY DECIMAL CLASSIFICATION NUMBER | |
| Classification number | 338.90091724 |
| Edition number | 3RD |
| 100 1# - MAIN ENTRY--PERSONAL NAME | |
| Personal name | Melkote, Srinivas R. |
| Dates associated with a name | 1952- |
| 245 10 - TITLE STATEMENT | |
| Title | Communication for development: |
| Remainder of title | theory and practice for empowerment and social justice/ |
| Statement of responsibility, etc | By Srinivas Raj Melkote and H. Leslie Steeves |
| 250 ## - EDITION STATEMENT | |
| Edition statement | 3rd rev. |
| 260 ## - PUBLICATION, DISTRIBUTION, ETC. (IMPRINT) | |
| Place of publication, distribution, etc | New Delhi |
| Name of publisher, distributor, etc | SAGE Publications |
| Date of publication, distribution, etc | 2015 |
| 270 ## - ADDRESS | |
| Address | B1/I-1 Mohan Cooperative Industrial Area, Mathura Road |
| City | New Delhi |
| Postal code | 110044 |
| 300 ## - PHYSICAL DESCRIPTION | |
| Extent | xxv,537p. |
| Dimensions | 23cm(pbk) |
| 500 ## - GENERAL NOTE | |
| General note | Includes bibliographical references (pages 478-525) and index. |
| 650 #0 - SUBJECT ADDED ENTRY--TOPICAL TERM | |
| Topical term or geographic name as entry element | Communication in economic development |
| Geographic subdivision | Developing countries. |
| 700 1# - ADDED ENTRY--PERSONAL NAME | |
| Personal name | Steeves, H. Leslie |
| 942 ## - ADDED ENTRY ELEMENTS (KOHA) | |
| Source of classification or shelving scheme | Dewey Decimal Classification |
| Item type | English Books |
| Classification part | 338.90091724 |
| Call number suffix | MEL |
| Withdrawn status | Lost status | Not for loan | Collection code | Home library | Current library | Date acquired | Source of acquisition | Cost, normal purchase price | Full call number | Barcode | Copy number | Cost, replacement price | Koha item type |
|---|---|---|---|---|---|---|---|---|---|---|---|---|---|
| Non-fiction | Ashok Vihar | Ashok Vihar | 22/06/2018 | TZ-18718/30.11.2017/686/20.11.2017/06.01.2018 | 750.00 | 338.90091724 MEL | B-687213 | 1 | 750.00 | English Books | |||
| Not For Loan | Non-fiction | D.B.Act.Division | Bawana | 06/06/2016 | DBAD/PUB | 750.00 | 338.90091724 MEL | EN-98724 | 1 | 750.00 | English Books | ||
| Non-fiction | Bawana | Bawana | 22/06/2018 | TZ-18718/30.11.2017/686/20.11.2017/06.01.2018 | 750.00 | 338.90091724 MEL | B-687216 | 1 | 750.00 | English Books | |||
| Non-fiction | Central Library | Central Library | 22/06/2018 | TZ-18718/30.11.2017/686/20.11.2017/06.01.2018 | 750.00 | 338.90091724 MEL | B-687212 | 1 | 750.00 | English Books | |||
| Non-fiction | Janak Puri | Janak Puri | 22/06/2018 | TZ-18718/30.11.2017/686/20.11.2017/06.01.2018 | 750.00 | 338.90091724 MEL | B-687215 | 1 | 750.00 | English Books | |||
| Non-fiction | Narela | Narela | 05/07/2023 | DBAD/PUB | 750.00 | 338.90091724 MEL | EN-120801 | 1 | 750.00 | English Books | |||
| Non-fiction | Patel Nagar | Patel Nagar | 22/06/2018 | TZ-18718/30.11.2017/686/20.11.2017/06.01.2018 | 750.00 | 338.90091724 MEL | B-687214 | 1 | 750.00 | English Books |
